000 00260 a2200097 4500
001 31368
100 _aKamal Matinuddin
245 _ataliban Phenomenon; afghanistan since 1994-1999
260 _aKarachi
_bOxford University Press
_c1999
090 _c21258
_d21258
942 _aNUST-CAE
_cM
_c12512
999 _c266441
_d266441